000
00217nam a2200097Ia 4500
008
240331s9999 xx 000 0 und d
082
_b
CAS
100
_a
Castro, F
245
0
_a
Americavitku adipaniya mattoum
942
_c
L
999
_c
3617
_d
3617